Tablas de Mortalidad de la Provincia de Buenos Aires (1980-1982). Partidos y Zonas Sanitarias (Registro nro. 1768)
[ vista simple ]
| 000 -LEADER | |
|---|---|
| fixed length control field | 00969nam a2200241 a 4500 |
| 003 - CONTROL NUMBER IDENTIFIER | |
| control field | OSt |
| 005 - FECHA ULTIMA MODIFICACION | |
| control field | 20131008151742.0 |
| 008 - FIXED-LENGTH DATA ELEMENTS--GENERAL INFORMATION | |
| fixed length control field | 131008s1995 ag ||||| |||| 00| 0 spa d |
| 020 ## - INTERNATIONAL STANDARD BOOK NUMBER | |
| International Standard Book Number | 950-658-039-1 |
| 040 ## - CATALOGING SOURCE | |
| Transcribing agency | Biblioteca Medicina |
| 041 ## - LANGUAGE CODE | |
| Language code of text/sound track or separate title | spa |
| 082 ## - DEWEY DECIMAL CLASSIFICATION NUMBER | |
| Item number | MINIST. DE SALUD 0406 |
| 100 1# - MAIN ENTRY--PERSONAL NAME | |
| Personal name | Otero, Hernan Gustavo |
| 9 (RLIN) | 2684 |
| 245 00 - TITLE STATEMENT | |
| Title | Tablas de Mortalidad de la Provincia de Buenos Aires (1980-1982). Partidos y Zonas Sanitarias |
| 250 ## - EDITION STATEMENT | |
| Edition statement | 1º ed. |
| 260 ## - PUBLICATION, DISTRIBUTION, ETC. (IMPRINT) | |
| Place of publication, distribution, etc | Buenos Aires |
| Name of publisher, distributor, etc | Universidad del Centro de la Provincia de Buenos Aires; |
| -- | Facultad de Ciencias Humanas; |
| -- | Programa de Procesamiento de Informacion y Estudios de Poblacion |
| Date of publication, distribution, etc | 1995 |
| 300 ## - PHYSICAL DESCRIPTION | |
| Extent | 319 p. |
| 653 ## - INDEX TERM--UNCONTROLLED | |
| Uncontrolled term | MORTALIDAD-BUENOS AIRES-1980/1982 |
| 653 ## - INDEX TERM--UNCONTROLLED | |
| Uncontrolled term | ESTADISTICAS- BUENOS AIRES-1980/1982 |
| 700 1# - ADDED ENTRY--PERSONAL NAME | |
| Personal name | Velasquez, Gulliermo Angel |
| 9 (RLIN) | 2685 |
| 942 ## - ADDED ENTRY ELEMENTS (KOHA) | |
| Source of classification or shelving scheme | Dewey Decimal Classification |
| Koha item type | Hemeroteca |
| Withdrawn status | Lost status | Fuente de clasificación | Damaged status | Not for loan | Colección | Ubicación permanente | Ubicación actual | Sala de ubicación | Fecha de adquisición | Total Checkouts | Número de clasificación | Date last seen | Número de ejemplar | Price effective from | Koha tipo de elemento (item) |
|---|---|---|---|---|---|---|---|---|---|---|---|---|---|---|---|
| Dewey Decimal Classification | Non-fiction | Biblioteca Medicina | Biblioteca Medicina | Circulación | 08/10/2013 | MINIST. DE SALUD 0406 | 06/11/2014 | Ej. 1 | 08/10/2013 | Hemeroteca |